| 000 | 00540cam a2200193 4500 | ||
|---|---|---|---|
| 008 | 000000n2001 000 0 eng u | ||
| 020 | _a1902375734 | ||
| 035 | _a(Sirsi) u111344 | ||
| 050 | _a658.5421 | ||
| 100 | _aMoxham, R. | ||
| 245 | _aTaming time : practical guide to time management. | ||
| 260 |
_aOxford _bChandos Publishing (Oxford) Ltd. _c2001 |
||
| 300 | _axx, 255p. ; 24cm. | ||
| 350 | _a19.95 | ||
| 650 | _aTIME MANAGEMENT | ||
| 650 | _aPERSONAL EFFICIENCY | ||
| 690 | _aMANAGEMENT-BUSINESS MANAGEMENT | ||
| 942 | _n0 | ||
| 999 |
_c101228 _d101228 |
||